000 00965nac a22002897a 4500
001 BR8802084
003 BR-BrBNA
005 20240105120752.0
008 230509b bl.|||m| |||| 00| 0 por d
040 _aBR-BrBNA
_bpor
_cBiblioteca Nacional de Agricultura
072 _aF08
090 _a0150 BR8802084
100 1 _aLameira, O.A.
110 1 _aUnidade de Execucao de Pesquisa de Ambito Territorial de Boa Vista, RR (Brasil)
_910391
245 1 _aCulturas alimentares intercaladas com citros em area de Mata de Roraima
260 3 _aBoa Vista, RR (Brasil):
_c1984.
300 _a3 p.
490 _aPesquisa em andamento - Unidade de Execucao de Pesquisa de Ambito Territorial de Boa Vista (Brazil)
_vno. 06
_xISSN 0101-8639
650 _aARROZ
650 _aMILHO
650 _aFEIJAO
650 _aMANDIOCA
650 _aCONSORCIACAO DE CULTURA
650 _aRORAIMA
909 _a202312
_bLúcia Elande
_c55
_dLúcia Elande
942 _2AGRIS
_n0
_cMS
999 _c281296
_d281296